Loading...
| Mythology | 1 | 1 | 0 | 0 | 25 | 25 | 63.50 | 1 | 1 | 16.19 | 20.41 |
| Literature - Long Fiction | 0 | 2 | 0 | 0 | 20 | 93 | 106.00 | 0 | 1 | 5.55 | 11.90 |
| Science - Chemistry | 0 | 2 | 1 | 1 | 15 | 126 | 139.00 | 0 | 0 | 0.52 | 2.86 |
| Current Events | 1 | 0 | 1 | 0 | 10 | 44 | 44.00 | 0 | 0 | 9.49 | 8.16 |
| History - World | 0 | 1 | 0 | 1 | 10 | 106 | 106.00 | 0 | 0 | 1.55 | 1.90 |
| Literature - Misc | 0 | 1 | 0 | 0 | 10 | 106 | 106.00 | 1 | 1 | 30.26 | 85.71 |
| Philosophy | 0 | 1 | 0 | 0 | 10 | 102 | 102.00 | 1 | 1 | 2.97 | 10.00 |
| Science - Biology | 0 | 1 | 1 | 1 | 5 | 140 | 140.00 | 0 | 0 | 0.07 | 4.29 |
| History - American | 0 | 0 | 1 | 0 | -5 | 0.00 | 0 | 0 | 0.00 | 0.00 | |
| Social Science | 0 | 0 | 1 | 0 | -5 | 0.00 | 0 | 0 | 0.00 | 0.00 | |
| Fine Arts - Other | 0 | 0 | 1 | 0 | -5 | 0.00 | 0 | 0 | 0.00 | 0.00 | |
| History - Other | 0 | 0 | 1 | 0 | -5 | 0.00 | 0 | 0 | 0.00 | 0.00 | |
| Science - Other | 0 | 0 | 1 | 0 | -5 | 0.00 | 0 | 0 | 0.00 | 0.00 |